[Event "Scarborough CC-ch"]
[Site "Toronto"]
[Date "2012.04.05"]
[Round "3"]
[White "Paterson, Jim"]
[Black "Song, Lin"]
[Result "0-1"]
[WhiteElo "1822"]
[BlackElo "1901"]
[PlyCount "90"]
[EventDate "2012.03.22"]
[EventType "tourn"]
[EventRounds "9"]
[EventCountry "CAN"]
[SourceTitle "EXT 2022"]
[Source "ChessBase"]
[SourceDate "2021.10.06"]
[SourceVersion "1"]
[SourceVersionDate "2021.10.06"]
[SourceQuality "1"]

1. e4 c5 2. Nc3 Nc6 3. g3 Nf6 4. Bg2 d6 5. d3 e6 6. Nge2 Be7 7. 0-0 0-0 8. h3 h6 9. Nf4 Rb8 10. a4 Bd7 11. Be3 a6 12. b3 Nb4 13. Qe2 e5 14. Nfd5 Nbxd5 15. exd5 Nh7 16. f4 f5 17. Ra2 Bf6 18. fxe5 Bxe5 19. Qd2 Bxg3 20. Bf4 Bxf4 21. Qxf4 Qf6 22. Ne2 g5 23. Qd2 f4 24. Qc3 Qe7 25. Qd2 Rf7 26. d4 Rbf8 27. Qd3 Bf5 28. Qf3 Nf6 29. c4 Be4 30. Qf2 Bxg2 31. Qxg2 Qe3+ 32. Kh2 cxd4 33. Rf3 Qe5 34. Ng1 Rg7 35. Re2 Qf5 36. Re6 g4 37. Rxf6 g3+ 38. Kh1 Qxf6 39. Qd2 Re7 40. b4 Re3 41. Kg2 Qe5 42. Kf1 Re8 43. Rxe3 Qxe3 44. Qxe3 Rxe3 45. Ne2 g2+ 0-1

[Event "Scarborough CC Winter End"]
[Site "Toronto"]
[Date "2012.03.01"]
[Round "3"]
[White "Paterson, Jim"]
[Black "Triefeldt, Jack"]
[Result "1/2-1/2"]
[WhiteElo "1858"]
[BlackElo "1794"]
[PlyCount "68"]
[EventDate "2012.02.16"]
[EventType "swiss"]
[EventRounds "5"]
[EventCountry "CAN"]
[SourceTitle "EXT 2022"]
[Source "ChessBase"]
[SourceDate "2021.10.06"]
[SourceVersion "1"]
[SourceVersionDate "2021.10.06"]
[SourceQuality "1"]

1. d4 Nf6 2. c4 g6 3. Nc3 Bg7 4. g3 d5 5. Bg2 c6 6. Nf3 0-0 7. cxd5 cxd5 8. Ne5 e6 9. 0-0 Qb6 10. a3 Nc6 11. Nxc6 Qxc6 12. Bg5 h6 13. Bxf6 Bxf6 14. e3 b6 15. Rc1 Qd7 16. Qf3 Bg7 17. Qe2 a6 18. Rfd1 Bb7 19. b3 b5 20. a4 b4 21. Na2 a5 22. Rc5 Rfc8 23. Rdc1 Bf8 24. Rxc8 Rxc8 25. Bf1 Rxc1 26. Nxc1 Qc6 27. Na2 Bd6 28. f4 f5 29. Qd3 Kf7 30. Be2 Be7 31. Kf2 Kg7 32. Ke1 g5 33. Kd2 g4 34. Qb5 Qxb5 1/2-1/2

[Event "Scarborough CC Jack Frost"]
[Site "Toronto"]
[Date "2012.01.19"]
[Round "3"]
[White "Zhang, John"]
[Black "Paterson, Jim"]
[Result "1/2-1/2"]
[WhiteElo "1767"]
[BlackElo "1831"]
[PlyCount "109"]
[EventDate "2012.01.05"]
[EventType "swiss"]
[EventRounds "6"]
[EventCountry "CAN"]
[SourceTitle "EXT 2022"]
[Source "ChessBase"]
[SourceDate "2021.10.06"]
[SourceVersion "1"]
[SourceVersionDate "2021.10.06"]
[SourceQuality "1"]

1. e4 e5 2. Nf3 Nf6 3. Nc3 d6 4. d4 exd4 5. Nxd4 Be7 6. Bd3 Nc6 7. Nxc6 bxc6 8. b3 Bg4 9. Qd2 Nd7 10. f4 Bh4+ 11. g3 Bf6 12. Bb2 Bh3 13. 0-0-0 a5 14. Rde1 Nb6 15. a4 0-0 16. Qe2 Qd7 17. e5 dxe5 18. fxe5 Bg5+ 19. Kb1 Qg4 20. Qxg4 Bxg4 21. Ne4 Be7 22. h3 Be6 23. h4 h6 24. Reg1 Bg4 25. Nf2 Bf3 26. Rh3 Bc5 27. Rh2 Rab8 28. Ka2 Bd5 29. c4 Bf3 30. g4 Rfd8 31. Rg3 Bxf2 32. Rxf2 Rxd3 33. Rgxf3 Rxf3 34. Rxf3 Re8 35. Re3 Nd7 36. Bc3 f6 37. e6 Nf8 38. e7 Ng6 39. Bxa5 Ne5 40. Bxc7 Rxe7 41. Bxe5 fxe5 42. a5 Kf7 43. b4 Ke6 44. b5 cxb5 45. cxb5 Kd5 46. Rc3 e4 47. Kb2 e3 48. Rc1 e2 49. Re1 Kc5 50. Kc2 Kxb5 51. Kd2 Kxa5 52. Rxe2 Rf7 53. Ke3 Kb5 54. Rd2 Kc5 55. Ke4 1/2-1/2

[Event "Scarborough CC Jack Frost"]
[Site "Toronto"]
[Date "2012.01.05"]
[Round "1"]
[White "Song, Michael"]
[Black "Paterson, Jim"]
[Result "1-0"]
[WhiteElo "2184"]
[BlackElo "1831"]
[PlyCount "75"]
[EventDate "2012.01.05"]
[EventType "swiss"]
[EventRounds "6"]
[EventCountry "CAN"]
[SourceTitle "EXT 2022"]
[Source "ChessBase"]
[SourceDate "2021.10.06"]
[SourceVersion "1"]
[SourceVersionDate "2021.10.06"]
[SourceQuality "1"]

1. d4 e6 2. c4 Nf6 3. g3 Bb4+ 4. Bd2 Qe7 5. Bg2 c6 6. c5 Na6 7. Bxb4 Nxb4 8. Nd2 d5 9. cxd6 Qxd6 10. a3 Na6 11. Nc4 Qe7 12. e4 0-0 13. e5 Nd5 14. Ne2 Bd7 15. 0-0 b6 16. Rc1 f6 17. Qd2 Nac7 18. f4 f5 19. Nc3 Nxc3 20. Rxc3 Nd5 21. Rc2 h6 22. Nd6 g5 23. Rfc1 gxf4 24. Bxd5 exd5 25. Qxf4 Qg5 26. Rf1 Kh7 27. Rcf2 Kg6 28. g4 h5 29. Qxg5+ Kxg5 30. gxf5 c5 31. Rg2+ Kh6 32. e6 Be8 33. f6 Bg6 34. e7 Rg8 35. f7 Bxf7 36. Nxf7+ Kh7 37. Nd6 Rge8 38. Rf5 1-0

[Event "Scarborough CC Spring Into Summer U2000"]
[Site "Toronto"]
[Date "2011.06.09"]
[Round "6"]
[White "Cale, Ferdinand"]
[Black "Paterson, Jim"]
[Result "0-1"]
[WhiteElo "1700"]
[BlackElo "1793"]
[PlyCount "36"]
[EventDate "2011.04.28"]
[EventType "swiss"]
[EventRounds "9"]
[EventCountry "CAN"]
[SourceTitle "EXT 2022"]
[Source "ChessBase"]
[SourceDate "2021.10.06"]
[SourceVersion "1"]
[SourceVersionDate "2021.10.06"]
[SourceQuality "1"]

1. g4 e5 2. h4 Be7 3. h5 Nh6 4. e3 d5 5. Be2 f5 6. gxf5 Bxf5 7. c3 c6 8. d4 Nd7 9. Nf3 e4 10. Ng1 0-0 11. f4 exf3 12. Nxf3 Be4 13. Rf1 Nf5 14. Rg1 Bh4+ 15. Kd2 Bf2 16. Bd3 Bxe3+ 17. Kc2 Bxf3 18. Qxf3 Nxd4+ 0-1

[Event "Scarborough CC Spring Into Summer U2000"]
[Site "Toronto"]
[Date "2011.05.26"]
[Round "4"]
[White "Paterson, Jim"]
[Black "Moran Venegas, Mario"]
[Result "1-0"]
[WhiteElo "1793"]
[BlackElo "1835"]
[PlyCount "93"]
[EventDate "2011.04.28"]
[EventType "swiss"]
[EventRounds "9"]
[EventCountry "CAN"]
[SourceTitle "EXT 2022"]
[Source "ChessBase"]
[SourceDate "2021.10.06"]
[SourceVersion "1"]
[SourceVersionDate "2021.10.06"]
[SourceQuality "1"]

1. e4 c5 2. d4 cxd4 3. c3 dxc3 4. Nxc3 g6 5. Bc4 Nc6 6. Be3 Bg7 7. Nf3 e6 8. 0-0 a6 9. Qd2 Ne5 10. Nxe5 Bxe5 11. f4 Bg7 12. Qd6 Qe7 13. Qb6 Bf8 14. a3 Qd6 15. Qd4 Qxd4 16. Bxd4 f6 17. f5 gxf5 18. exf5 e5 19. Bb6 Ne7 20. Ne4 Ng8 21. Bxg8 Rxg8 22. Nxf6+ Kf7 23. Nxg8 Kxg8 24. Bc7 Bc5+ 25. Kh1 Bd4 26. Rab1 Kf7 27. b4 b5 28. Rb3 Bb7 29. Rg3 Be4 30. f6 Bg6 31. Bd6 Rc8 32. h4 h5 33. Rxg6 Kxg6 34. f7 Bb2 35. f8Q Rxf8 36. Rxf8 e4 37. Re8 Kf5 38. g3 Bxa3 39. Re5+ Kf6 40. Rxe4 a5 41. Re3 axb4 42. Rb3 Kf5 43. Bxb4 Bxb4 44. Rxb4 d5 45. Rxb5 Ke4 46. Kg2 d4 47. Rxh5 1-0

[Event "Scarborough CC Spring Into Summer U2000"]
[Site "Toronto"]
[Date "2011.05.12"]
[Round "2"]
[White "Paterson, Jim"]
[Black "Stavropoulos, Greg"]
[Result "1/2-1/2"]
[WhiteElo "1793"]
[BlackElo "1872"]
[PlyCount "66"]
[EventDate "2011.04.28"]
[EventType "swiss"]
[EventRounds "9"]
[EventCountry "CAN"]
[SourceTitle "EXT 2022"]
[Source "ChessBase"]
[SourceDate "2021.10.06"]
[SourceVersion "1"]
[SourceVersionDate "2021.10.06"]
[SourceQuality "1"]

1. e4 c5 2. d4 cxd4 3. c3 d3 4. c4 Nf6 5. Bxd3 d6 6. Nc3 Nc6 7. Nf3 Bg4 8. Be2 g6 9. Be3 Bg7 10. Qd2 0-0 11. 0-0 Re8 12. Rac1 b6 13. h3 Bc8 14. Rfd1 Bb7 15. Nh2 Rc8 16. f3 Ne5 17. b3 Qc7 18. Nb5 Qb8 19. Ng4 Nexg4 20. hxg4 h5 21. gxh5 Nxh5 22. Bd4 Bxd4+ 23. Qxd4 Nf4 24. Bf1 Ne6 25. Qe3 Kg7 26. g3 d5 27. e5 dxc4 28. bxc4 Rc5 29. f4 Rh8 30. Nd4 Qc8 31. Nxe6+ Qxe6 32. Rd2 Rh1+ 33. Kf2 Rh2+ 1/2-1/2

[Event "Scarborough CC-ch Reserves"]
[Site "Toronto"]
[Date "2011.02.24"]
[Round "1"]
[White "Paterson, Jim"]
[Black "Philip, Andrew"]
[Result "1-0"]
[WhiteElo "1825"]
[BlackElo "1640"]
[PlyCount "85"]
[EventDate "2011.02.24"]
[EventType "swiss"]
[EventRounds "9"]
[EventCountry "CAN"]
[SourceTitle "EXT 2022"]
[Source "ChessBase"]
[SourceDate "2021.10.06"]
[SourceVersion "1"]
[SourceVersionDate "2021.10.06"]
[SourceQuality "1"]

1. d4 Nf6 2. Nf3 e6 3. Nbd2 d5 4. g3 Bd6 5. Bg2 Nbd7 6. 0-0 0-0 7. c4 c6 8. Qc2 Qe7 9. e4 dxe4 10. Nxe4 Nxe4 11. Qxe4 Nf6 12. Qe2 h6 13. a3 a5 14. Bd2 c5 15. dxc5 Bxc5 16. Bc3 Rd8 17. Rfd1 Bd7 18. Ne5 Ba4 19. Rxd8+ Qxd8 20. Bxb7 Rb8 21. Bc6 Bb3 22. Bg2 Ba4 23. Bc6 Bb3 24. Bb5 Rxb5 25. cxb5 a4 26. Nc6 Qd5 27. Bxf6 gxf6 28. Rc1 Kh7 29. Na5 Qf5 30. Nxb3 axb3 31. a4 Bd4 32. a5 Qg5 33. Rd1 e5 34. Qd3+ Kg7 35. Qxb3 Qf5 36. Rd2 Qb1+ 37. Qd1 Qa2 38. a6 Qc4 39. Qe2 Qa4 40. Rc2 Qa5 41. Rc6 Qb4 42. Qg4+ Kh7 43. Qf5+ 1-0

[Event "Scarborough CC Falling Leaves U2000"]
[Site "Toronto"]
[Date "2010.12.09"]
[Round "7"]
[White "Paterson, Jim"]
[Black "Ugodnikov, Arkadiy"]
[Result "1/2-1/2"]
[WhiteElo "1857"]
[BlackElo "1866"]
[PlyCount "87"]
[EventDate "2010.10.28"]
[EventType "swiss"]
[EventRounds "7"]
[EventCountry "CAN"]
[SourceTitle "EXT 2022"]
[Source "ChessBase"]
[SourceDate "2021.10.06"]
[SourceVersion "1"]
[SourceVersionDate "2021.10.06"]
[SourceQuality "1"]

1. d4 Nf6 2. Nf3 g6 3. c4 c5 4. d5 b5 5. cxb5 a6 6. Nc3 axb5 7. Nxb5 Ba6 8. Nc3 d6 9. g3 Bg7 10. Bg2 0-0 11. 0-0 Nbd7 12. Re1 Qc7 13. e4 Rfb8 14. Qc2 Ng4 15. Bf4 Nge5 16. Nxe5 Nxe5 17. Bxe5 Bxe5 18. Bf1 Bxf1 19. Kxf1 Qa5 20. Rec1 Rb4 21. f3 Rab8 22. Rab1 Qa6+ 23. Kg2 Qb7 24. b3 Qa6 25. Nd1 Qa3 26. Ne3 Qa6 27. Nc4 Bd4 28. Rd1 Qb7 29. Rd3 Ra8 30. a3 Rb5 31. Rbd1 Rb8 32. b4 Bg7 33. Na5 Qd7 34. Nc6 Re8 35. a4 Rxb4 36. Nxb4 cxb4 37. Rc1 Bc3 38. Qb3 Ra8 39. Rdxc3 bxc3 40. Rxc3 Rxa4 41. Rc6 Qa7 42. Rc8+ Kg7 43. Qc3+ Qd4 44. Qxd4+ 1/2-1/2

[Event "Scarborough CC Falling Leaves U2000"]
[Site "Toronto"]
[Date "2010.11.25"]
[Round "5"]
[White "Stavropoulos, Greg"]
[Black "Paterson, Jim"]
[Result "1/2-1/2"]
[WhiteElo "1960"]
[BlackElo "1857"]
[PlyCount "41"]
[EventDate "2010.10.28"]
[EventType "swiss"]
[EventRounds "7"]
[EventCountry "CAN"]
[SourceTitle "EXT 2022"]
[Source "ChessBase"]
[SourceDate "2021.10.06"]
[SourceVersion "1"]
[SourceVersionDate "2021.10.06"]
[SourceQuality "1"]

1. c4 e6 2. Nf3 f5 3. g3 Nf6 4. Bg2 c6 5. 0-0 Be7 6. d3 d5 7. b3 0-0 8. Nbd2 a5 9. Bb2 Na6 10. Ne5 Nc5 11. Rb1 Bd6 12. Ndf3 Bd7 13. Qc2 Qc7 14. Ba1 Na6 15. Qb2 Be8 16. Nd2 Bxe5 17. Qxe5 Qxe5 18. Bxe5 Bh5 19. Rfe1 Rf7 20. Bc3 Nc7 21. e4 1/2-1/2

[Event "Scarborough CC LH Summer op"]
[Site "Toronto"]
[Date "2010.05.20"]
[Round "3"]
[White "Paterson, Jim"]
[Black "Casareno, Erwin"]
[Result "1/2-1/2"]
[WhiteElo "1852"]
[BlackElo "2156"]
[PlyCount "120"]
[EventDate "2010.04.29"]
[EventType "swiss"]
[EventRounds "8"]
[EventCountry "CAN"]
[SourceTitle "EXT 2022"]
[Source "ChessBase"]
[SourceDate "2021.10.06"]
[SourceVersion "1"]
[SourceVersionDate "2021.10.06"]
[SourceQuality "1"]

1. e3 d5 2. f4 Nc6 3. Nf3 Nf6 4. b3 Bf5 5. Bb5 a6 6. Bxc6+ bxc6 7. 0-0 e6 8. Ne5 c5 9. Ba3 Bd6 10. d4 Qe7 11. Nc6 Qd7 12. Ne5 Qb5 13. c4 Qb6 14. Bxc5 Bxc5 15. dxc5 Qxc5 16. Qd4 Qd6 17. c5 Qe7 18. Nc3 0-0 19. b4 Ne4 20. Rfd1 Qh4 21. Rf1 f6 22. Nf3 Qh5 23. a4 c6 24. Ra2 Rfc8 25. Rfa1 Nxc3 26. Qxc3 Be4 27. Nd2 Qg6 28. Nxe4 Qxe4 29. Rb2 e5 30. fxe5 fxe5 31. Rf1 Rf8 32. Rbf2 Rxf2 33. Rxf2 Rb8 34. Rb2 h6 35. h3 Kh8 36. Qd2 Qc4 37. Kf2 Rf8+ 38. Kg1 h5 39. Qe2 Qc1+ 40. Kh2 g6 41. b5 axb5 42. axb5 Qxc5 43. bxc6 Qxc6 44. Rc2 Qd6 45. Kg1 d4 46. Rd2 Qc5 47. exd4 exd4 48. Qd3 Qc1+ 49. Rd1 Qe3+ 50. Qxe3 dxe3 51. Re1 Re8 52. Kh2 Kg7 53. Kg3 Kf6 54. Kf3 Kg5 55. g3 h4 56. Re2 Re7 57. g4 Re8 58. Rxe3 Rf8+ 59. Kg2 Rf4 60. Re5+ Kf6 1/2-1/2

[Event "Toronto Scarborough CC Frost op"]
[Site "Toronto"]
[Date "2010.02.04"]
[Round "5"]
[White "Ugodnikov, Arkadiy"]
[Black "Paterson, Jim"]
[Result "1/2-1/2"]
[WhiteElo "1839"]
[BlackElo "1877"]
[PlyCount "84"]
[EventDate "2010.01.07"]
[EventType "swiss"]
[EventRounds "6"]
[EventCountry "CAN"]
[SourceTitle "EXT 2011"]
[Source "ChessBase"]
[SourceDate "2010.11.26"]
[SourceVersion "1"]
[SourceVersionDate "2010.11.26"]
[SourceQuality "1"]

1. e4 e6 2. d4 d5 3. Nd2 c5 4. exd5 Qxd5 5. Ngf3 cxd4 6. Bc4 Qd6 7. 0-0 Nc6 8. Bb5 Bd7 9. Nb3 Nf6 10. Nbxd4 Nxd4 11. Bxd7+ Qxd7 12. Qxd4 Be7 13. Bg5 Qxd4 14. Nxd4 a6 15. Rad1 h6 16. Bc1 0-0 17. Rfe1 Rfe8 18. c4 Rac8 19. b3 Bb4 20. Bd2 Bc5 21. Nf3 Ng4 22. Rf1 Red8 23. h3 Nf6 24. Ba5 b6 25. Bc3 Ne4 26. Bd4 Bxd4 27. Rxd4 Nc3 28. Rxd8+ Rxd8 29. Ra1 f6 30. Kf1 a5 31. Ke1 Kf7 32. a3 Ne4 33. Ke2 e5 34. Rc1 Ke6 35. b4 axb4 36. axb4 Rc8 37. Ke3 Nd6 38. Nd2 f5 39. g3 g5 40. f3 h5 41. Kf2 Ra8 42. Rc2 Rc8 1/2-1/2

[Event "Toronto Scarborough CC Falling Leaves"]
[Site "Toronto"]
[Date "2009.11.19"]
[Round "3"]
[White "Moysoski, Randy"]
[Black "Paterson, Jim"]
[Result "1-0"]
[WhiteElo "1958"]
[BlackElo "1826"]
[PlyCount "83"]
[EventDate "2009.11.05"]
[EventType "swiss"]
[EventRounds "7"]
[EventCountry "CAN"]
[SourceTitle "EXT 2011"]
[Source "ChessBase"]
[SourceDate "2010.11.26"]
[SourceVersion "1"]
[SourceVersionDate "2010.11.26"]
[SourceQuality "1"]

1. e4 c5 2. Nc3 Nc6 3. g3 d6 4. Bg2 g6 5. d3 Bg7 6. Nh3 Nf6 7. 0-0 0-0 8. Bg5 h6 9. Be3 Bg4 10. f3 Bd7 11. Qd2 Kh7 12. Nf2 Qc8 13. h3 Nd4 14. Rae1 e5 15. Ncd1 Ng8 16. c3 Ne6 17. f4 f5 18. Nh1 Ne7 19. Ndf2 Bc6 20. h4 b6 21. Nh3 Qb7 22. N1f2 Rad8 23. Kh2 Rf7 24. Qe2 Ng8 25. h5 exf4 26. hxg6+ Kxg6 27. gxf4 Rdf8 28. Rg1 Kh7 29. Qh5 Ne7 30. Bf3 fxe4 31. Nxe4 Rf5 32. Qg4 Qd7 33. Qh4 Ng6 34. Rxg6 Kxg6 35. Rg1+ Kf7 36. Bh5+ Kg8 37. Bg6 Bxe4 38. dxe4 R5f6 39. f5 Nd8 40. Nf4 Qa4 41. Nd5 Qxe4 42. Qxe4 1-0

[Event "Toronto Howard Ridout op"]
[Site "Toronto"]
[Date "2009.10.15"]
[Round "6"]
[White "Morra, Lui"]
[Black "Paterson, Jim"]
[Result "1-0"]
[WhiteElo "1612"]
[BlackElo "1839"]
[PlyCount "51"]
[EventDate "2009.09.10"]
[EventType "swiss"]
[EventRounds "8"]
[EventCountry "CAN"]
[SourceTitle "EXT 2011"]
[Source "ChessBase"]
[SourceDate "2010.11.26"]
[SourceVersion "1"]
[SourceVersionDate "2010.11.26"]
[SourceQuality "1"]

1. e4 b6 2. d4 Bb7 3. Nc3 e6 4. Nf3 Nf6 5. Bd3 d6 6. Bf4 Nbd7 7. 0-0 Be7 8. Qe2 0-0 9. Rfe1 Nh5 10. Bd2 g6 11. e5 Bxf3 12. Qxf3 dxe5 13. dxe5 Nc5 14. Bh6 Nxd3 15. cxd3 Ng7 16. Ne4 Re8 17. Nf6+ Bxf6 18. exf6 Nf5 19. Bg5 Kh8 20. Qh3 Nd6 21. g4 e5 22. Qh6 Rg8 23. Re3 Nf5 24. Qxh7+ Kxh7 25. Rh3+ Nh6 26. Rxh6# 1-0

[Event "Toronto Howard Ridout op"]
[Site "Toronto"]
[Date "2009.10.01"]
[Round "4"]
[White "Gillis, Doug"]
[Black "Paterson, Jim"]
[Result "1/2-1/2"]
[WhiteElo "1680"]
[BlackElo "1839"]
[PlyCount "49"]
[EventDate "2009.09.10"]
[EventType "swiss"]
[EventRounds "8"]
[EventCountry "CAN"]
[SourceTitle "EXT 2011"]
[Source "ChessBase"]
[SourceDate "2010.11.26"]
[SourceVersion "1"]
[SourceVersionDate "2010.11.26"]
[SourceQuality "1"]

1. e4 Nf6 2. Nc3 d6 3. d4 Nbd7 4. Nf3 g6 5. h3 e5 6. Be3 Bg7 7. Qd2 c6 8. 0-0-0 Qc7 9. dxe5 dxe5 10. Bc4 0-0 11. Bh6 Re8 12. Bxg7 Kxg7 13. Ng5 Nb6 14. Bxf7 Re7 15. Bb3 h6 16. Nf3 Be6 17. Qd6 Qxd6 18. Rxd6 Bxb3 19. axb3 Nbd7 20. g4 Nc5 21. Re1 g5 22. b4 Na6 23. b5 Nb4 24. bxc6 bxc6 25. Red1 1/2-1/2

[Event "Toronto Howard Ridout op"]
[Site "Toronto"]
[Date "2009.09.24"]
[Round "3"]
[White "Paterson, Jim"]
[Black "Ugodnikov, Arkadiy"]
[Result "1/2-1/2"]
[WhiteElo "1839"]
[BlackElo "1748"]
[PlyCount "59"]
[EventDate "2009.09.10"]
[EventType "swiss"]
[EventRounds "8"]
[EventCountry "CAN"]
[SourceTitle "EXT 2011"]
[Source "ChessBase"]
[SourceDate "2010.11.26"]
[SourceVersion "1"]
[SourceVersionDate "2010.11.26"]
[SourceQuality "1"]

1. Nf3 Nf6 2. d4 g6 3. g3 Bg7 4. Bg2 0-0 5. c4 c5 6. d5 b5 7. Nbd2 bxc4 8. Nxc4 d6 9. 0-0 Nbd7 10. Re1 Nb6 11. Nxb6 axb6 12. e4 Bb7 13. Qc2 Qd7 14. Bg5 b5 15. a3 Ra4 16. Nd2 Rfa8 17. Rac1 b4 18. axb4 Rxb4 19. Ra1 Rba4 20. Rxa4 Qxa4 21. Qxa4 Rxa4 22. b3 Ra2 23. Nc4 h6 24. Bxf6 Bxf6 25. f4 Bd4+ 26. Kh1 Ba6 27. e5 Bxc4 28. bxc4 Ra1 29. Rxa1 Bxa1 30. exd6 1/2-1/2

[Event "Scarborough CC Spring op"]
[Site "Toronto"]
[Date "2009.04.30"]
[Round "1"]
[White "Morra, Lui"]
[Black "Paterson, Jim"]
[Result "1/2-1/2"]
[WhiteElo "1641"]
[BlackElo "1802"]
[PlyCount "84"]
[EventDate "2009.04.30"]
[EventType "swiss"]
[EventRounds "9"]
[EventCountry "CAN"]
[SourceTitle "EXT 2011"]
[Source "ChessBase"]
[SourceDate "2010.11.26"]
[SourceVersion "1"]
[SourceVersionDate "2010.11.26"]
[SourceQuality "1"]

1. e4 e6 2. d4 d5 3. Nc3 Bb4 4. Bd3 c5 5. a3 Bxc3+ 6. bxc3 c4 7. Be2 Nf6 8. e5 Ne4 9. Bd2 Nc6 10. Nh3 Qa5 11. 0-0 Nxd4 12. Bg4 Nc6 13. Bf4 Qxc3 14. f3 Nc5 15. Qe2 h5 16. Bxh5 Rxh5 17. Qf2 Nd7 18. Qg3 Ncxe5 19. Kh1 Ng6 20. Bd6 Qf6 21. f4 Qh4 22. Qe3 b6 23. f5 d4 24. Qf3 Rxf5 25. Qxa8 Rxf1+ 26. Rxf1 Qd8 27. Qc6 Ba6 28. Nf4 Ne7 29. Qa4 Qc8 30. Rf3 Bb7 31. Rh3 Qc6 32. Rh8+ Nf8 33. Qb4 g5 34. Bxe7 gxf4 35. Rxf8+ Kd7 36. Rd8+ Kc7 37. Qd2 Qe4 38. Rxd4 Qe3 39. Rd7+ Kc6 40. Qd6+ Kb5 41. Qb4+ Kc6 42. Qd6+ Kb5 1/2-1/2

[Event "Scarborough CC Jack Frost"]
[Site "Toronto"]
[Date "2009.02.05"]
[Round "5"]
[White "Paterson, Jim"]
[Black "Armstrong, Robert J"]
[Result "0-1"]
[WhiteElo "1809"]
[BlackElo "1845"]
[PlyCount "66"]
[EventDate "2009.01.08"]
[EventType "swiss"]
[EventRounds "7"]
[EventCountry "CAN"]
[SourceTitle "EXT 2011"]
[Source "ChessBase"]
[SourceDate "2010.11.26"]
[SourceVersion "1"]
[SourceVersionDate "2010.11.26"]
[SourceQuality "1"]

1. b3 Nf6 2. Bb2 g6 3. g4 Bg7 4. g5 Nh5 5. Bxg7 Nxg7 6. f4 e5 7. e3 d5 8. Nc3 0-0 9. Qf3 exf4 10. Nxd5 Qxg5 11. Nxc7 Qe5 12. Nxa8 Qxa1+ 13. Kf2 fxe3+ 14. dxe3 Qe5 15. Bd3 Nc6 16. Qf4 Ne6 17. Qxe5 Nxe5 18. Be4 Nc5 19. Bd5 Bf5 20. Nc7 Bxc2 21. Nh3 Rc8 22. Nb5 Be4 23. Bxe4 Nxe4+ 24. Ke2 Rc2+ 25. Kf1 Rxa2 26. Nd4 Ng4 27. Rg1 Nxe3+ 28. Ke1 a5 29. Nf4 Rd2 30. Rg3 Rd1+ 31. Ke2 Nxg3+ 32. Kxe3 Nf1+ 33. Ke4 Nxh2 0-1